000 00478nam a22001577a 4500
008 151209b xxu||||| |||| 00| 0 eng d
020 _a087779037x
050 _aREF R 123 .W35 1975
100 _d1975
245 _aWebster's Medical Speller
260 _aUSA;
_bMerriam-Websters Inc,
_c1975
300 _aix, 388p.
_bIncludes Bibliographical reference and Index
650 _aNomenclature
650 _2Speller
942 _2lcc
_cBOOKS
_hREF R 123 .W35 1975
999 _c10839
_d10839